<?xml version="1.0" encoding="UTF-8"?><marc:collection xmlns:marc="http://www.loc.gov/MARC21/slim">
  <marc:record>
    <marc:leader>00000nam  2200000za 4500</marc:leader>
    <marc:controlfield tag="001">9.832744</marc:controlfield>
    <marc:controlfield tag="003">CaOODSP</marc:controlfield>
    <marc:controlfield tag="005">20221107150043</marc:controlfield>
    <marc:controlfield tag="007">cr |||||||||||</marc:controlfield>
    <marc:controlfield tag="008">170221s1937    oncabd |o||||f000 0|eng d</marc:controlfield>
    <marc:datafield tag="040" ind1=" " ind2=" ">
      <marc:subfield code="a">CaOODSP</marc:subfield>
      <marc:subfield code="b">eng</marc:subfield>
    </marc:datafield>
    <marc:datafield tag="043" ind1=" " ind2=" ">
      <marc:subfield code="a">n-cn---</marc:subfield>
    </marc:datafield>
    <marc:datafield tag="086" ind1="1" ind2=" ">
      <marc:subfield code="a">CS98-1931CM-4E-PDF</marc:subfield>
      <marc:subfield code="z">98-1931CM-4</marc:subfield>
      <marc:subfield code="z">CS98-1931F/13-4</marc:subfield>
    </marc:datafield>
    <marc:datafield tag="100" ind1="1" ind2=" ">
      <marc:subfield code="a">Hurd, W. Burton </marc:subfield>
      <marc:subfield code="q">(William Burton), </marc:subfield>
      <marc:subfield code="d">1894-</marc:subfield>
    </marc:datafield>
    <marc:datafield tag="245" ind1="1" ind2="0">
      <marc:subfield code="a">Racial origins and nativity of the Canadian people </marc:subfield>
      <marc:subfield code="h">[electronic resource] : </marc:subfield>
      <marc:subfield code="b">a study based on the Census of 1931 and supplementary data / </marc:subfield>
      <marc:subfield code="c">by W. Burton Hurd.</marc:subfield>
    </marc:datafield>
    <marc:datafield tag="260" ind1=" " ind2=" ">
      <marc:subfield code="a">Ottawa : </marc:subfield>
      <marc:subfield code="b">Dominion Bureau of Statistics,</marc:subfield>
      <marc:subfield code="c">1937</marc:subfield>
      <marc:subfield code="f">(J.O. Patenaude, Printer to the King's Most Excellent Majesty)</marc:subfield>
    </marc:datafield>
    <marc:datafield tag="300" ind1=" " ind2=" ">
      <marc:subfield code="a">xvii, 292 p. : </marc:subfield>
      <marc:subfield code="b">ill., maps</marc:subfield>
    </marc:datafield>
    <marc:datafield tag="490" ind1="0" ind2=" ">
      <marc:subfield code="a">Census monograph ; </marc:subfield>
      <marc:subfield code="v">no. 4</marc:subfield>
    </marc:datafield>
    <marc:datafield tag="500" ind1=" " ind2=" ">
      <marc:subfield code="a">Cover title.</marc:subfield>
    </marc:datafield>
    <marc:datafield tag="500" ind1=" " ind2=" ">
      <marc:subfield code="a">"Reprinted from Volume XIII, Seventh census of Canada, 1931".</marc:subfield>
    </marc:datafield>
    <marc:datafield tag="500" ind1=" " ind2=" ">
      <marc:subfield code="a">Historical census publication digitized 2010 [by Statistics Canada].</marc:subfield>
    </marc:datafield>
    <marc:datafield tag="520" ind1="0" ind2=" ">
      <marc:subfield code="a">"The present volume is one of a series of monographs prepared in the Dominion Bureau of Statistics analysing and interpreting the data on population collected by the last census. This particular study deals with the different nationalities and stocks in the Dominion. The general purpose Is to measure the progress of assimilation and to discover and evaluate the forces which are working toward that end. The first three chapters discuss the changing proportions and date of arrival of the different nationalities and origins in Canada and the provinces; the two following, their distribution as regards age, sex, conjugal condition and urban and rural residence. The sixth chapter presents for the first time indices of segregation, by birthplace and race, of which much effective use is made In subsequent sections of the monograph in explaining the behaviour of the various groups. Chapters VII to XV include an examination of data on intermarriage, naturalization, language spoken, illiteracy, crime, occupations, unemployment, fertility, infant mortality, mental institutions and religions"--Pref., p. iii.</marc:subfield>
    </marc:datafield>
    <marc:datafield tag="692" ind1="0" ind2="7">
      <marc:subfield code="2">gccst</marc:subfield>
      <marc:subfield code="a">Demographic statistics</marc:subfield>
    </marc:datafield>
    <marc:datafield tag="710" ind1="1" ind2=" ">
      <marc:subfield code="a">Canada. </marc:subfield>
      <marc:subfield code="b">Dominion Bureau of Statistics.</marc:subfield>
    </marc:datafield>
    <marc:datafield tag="856" ind1="4" ind2="0">
      <marc:subfield code="q">PDF</marc:subfield>
      <marc:subfield code="u">https://publications.gc.ca/collections/collection_2017/statcan/CS98-1931CM-4-eng.pdf</marc:subfield>
      <marc:subfield code="s">19.84 MB</marc:subfield>
    </marc:datafield>
  </marc:record>
</marc:collection>
